| 000 | 01525nam a2200289 4500 | ||
|---|---|---|---|
| 003 | BOFEUTO | ||
| 005 | 20260512143529.0 | ||
| 008 | 260504t2024 bo a gr 001 | spa d | ||
| 040 |
_6BOFEUTO _aBOFEUTO _cBOFEUTO |
||
| 041 | _aspa | ||
| 044 | _abo | ||
| 082 |
_aTE6286 _bC781p |
||
| 100 |
_aCopa Ignacio, Kevin Rolando _eautor |
||
| 245 |
_aPlan de negocios para la creación de una empresa de servicios de pintura para ambientes internos y externos en la ciudad de Oruro / _cKevin Rolando Copa Ignacio, Iván Mirko Meneses Zambrana |
||
| 260 |
_aOruro : _bs/n, _c2024. |
||
| 300 |
_a170 hojas ; _bcuadros, gráf., fig., il. ; _c28.5 cm. |
||
| 500 | _aIncluye bibliografía, anexos. | ||
| 502 | _aTesis Dirigida - Plan de Negocios, (Licenciatura) -- Universidad Técnica de Oruro, Facultad de Ciencias Económicas, Financieras y Administrativas, Carrera Administración de Empresas, 2024. | ||
| 520 | _aEl propósito del presente trabajo de investigación busca identificar los factores que deben considerarse en la investigación de mercados, para la creación de una empresa de servicios de pintura para ambientes internos y externos en la ciudad de Oruro, que brinde mano de obra calificada y servicios de alta calidad, asegurando la satisfacción del cliente, con resultados duraderos y profesionales. | ||
| 650 | _aAdministración | ||
| 653 | _aPlan de mercado | ||
| 653 | _aMarketing Mix | ||
| 653 | _aVentas | ||
| 700 |
_aMeneses Zambrana, Iván Mirko _etutor |
||
| 942 |
_2ddc _cTE _n0 |
||
| 942 |
_n0 _2ddc |
||
| 999 |
_c16147 _d16147 |
||